Analytical biotechnology (0 8412 1819 6)

Gorde:
Xehetasun bibliografikoak
Egile nagusia: CSABA HORVÁTH
Formatua: Liburua
Hizkuntza:Undetermined
Argitaratua: American chemical Society 1990
Etiketak: Etiketa erantsi
Etiketarik gabe, Izan zaitez lehena erregistro honi etiketa jartzen!
Thư viện lưu trữ: Trung tâm Học liệu Trường Đại học Cần Thơ
LEADER 00463nam a2200145Ia 4500
001 CTU_49324
008 210402s9999 xx 000 0 und d
082 |a 660.63 
082 |b A532 
100 |a CSABA HORVÁTH 
245 0 |a Analytical biotechnology (0 8412 1819 6) 
245 0 |c CSABA HORVÁTH; Biên tập, hiệu đính: John G. Nikelly 
260 |b American chemical Society 
260 |c 1990 
980 |a Trung tâm Học liệu Trường Đại học Cần Thơ